Basic development economics/ (Record no. 11895)

MARC details
000 -LEADER
fixed length control field 00625nam a22002057a 4500
005 - DATE AND TIME OF LATEST TRANSACTION
control field 20260515115032.0
008 - FIXED-LENGTH DATA ELEMENTS--GENERAL INFORMATION
fixed length control field 240902b |||||||| |||| 00| 0 eng d
020 ## - INTERNATIONAL STANDARD BOOK NUMBER
International Standard Book Number 9788197377518
040 ## - CATALOGING SOURCE
Original cataloging agency IN-DiNC
Transcribing agency IN-DiNC
041 ## - LANGUAGE CODE
Language code of sung or spoken text eng
082 ## - DEWEY DECIMAL CLASSIFICATION NUMBER
Classification number 338.9
Item number AHM
100 ## - MAIN ENTRY--PERSONAL NAME
Personal name Ahmed, Rofique
Relator term author
245 ## - TITLE STATEMENT
Title Basic development economics/
Statement of responsibility, etc. by Rofique Ahmed and Samarita Kashyap
250 ## - EDITION STATEMENT
Edition statement 1st ed.
260 ## - PUBLICATION, DISTRIBUTION, ETC.
Place of publication, distribution, etc. Jorhat:
Name of publisher, distributor, etc. North East institute of research consultancy and publication,
Date of publication, distribution, etc. 2024.
300 ## - PHYSICAL DESCRIPTION
Extent 290p.
650 ## - SUBJECT ADDED ENTRY--TOPICAL TERM
Topical term or geographic name entry element Development and underdevelopment
700 ## - ADDED ENTRY--PERSONAL NAME
Personal name Kashyap, Samarita
Relator term author
942 ## - ADDED ENTRY ELEMENTS (KOHA)
Source of classification or shelving scheme Dewey Decimal Classification
Koha item type Books
Holdings
Withdrawn status Lost status Source of classification or shelving scheme Damaged status Not for loan Collection Home library Current library Shelving location Date acquired Cost, normal purchase price Total checkouts Full call number Barcode Date last seen Copy number Price effective from Koha item type
    Dewey Decimal Classification       Naharkatiya College Library Naharkatiya College Library General stacks 09/02/2024 300.00   338.9 AHM 30228 09/02/2024 1 09/02/2024 Books
    Dewey Decimal Classification       Naharkatiya College Library Naharkatiya College Library General stacks 09/02/2024 300.00   338.9 AHM 30229 09/02/2024 2 09/02/2024 Books